Basics of computers - Statistics

General Stats
  • This quiz has been taken 275 times
  • The average score is 5 of 10
Answer Stats
Hint Answer % Correct
What does WWW stands for? World wide web
87%
What does CPU stands for? Central Processing unit
85%
What is the full form of RAM? Random Access memory
78%
What is the keyboard format in most of the computers available today? QWERTY
54%
What is the tool used in computer which cats love to eat? Mouse
52%
Who became the world's richest man because of computers Bill Gates
45%
What is the full form of CD? Compact Disk
20%
Which year the first windows operating system released? 1985
19%
What is the full form of GUI? Graphical User Interface
19%
Who is the father of computer? Charles Babbage
13%
No matching quizzes found
Score Distribution
Percent of People with Each Score
Percentile by Number Answered
Your Score History
You have not taken this quiz